000
00325nam a2200133Ia 4500
008
151001s9999||||xx |||||||||||||| ||und||
100
_a
सानेगुरुजी
245
_a
श्यामची आई
250
_a
3
260
_b
दिलीपराज
260
_c
2013
300
_a
48
365
_b
21
999
_c
1000099
_d
1000096